<?xml version="1.0" encoding="UTF-8"?>
<record
    xmlns:xsi="http://www.w3.org/2001/XMLSchema-instance"
    xsi:schemaLocation="http://www.loc.gov/MARC21/slim http://www.loc.gov/standards/marcxml/schema/MARC21slim.xsd"
    xmlns="http://www.loc.gov/MARC21/slim">

  <leader>01102nam a22002897a 4500</leader>
  <controlfield tag="005">20180226142113.0</controlfield>
  <datafield tag="010" ind1=" " ind2=" ">
    <subfield code="a">ENG-107513</subfield>
  </datafield>
  <datafield tag="020" ind1=" " ind2=" ">
    <subfield code="a">9788122202281</subfield>
    <subfield code="c">240.00</subfield>
  </datafield>
  <datafield tag="020" ind1=" " ind2=" ">
    <subfield code="a">8122202281</subfield>
    <subfield code="c">240.00</subfield>
  </datafield>
  <datafield tag="035" ind1=" " ind2=" ">
    <subfield code="a">EN-91046</subfield>
  </datafield>
  <datafield tag="035" ind1=" " ind2=" ">
    <subfield code="a">B-528567-575</subfield>
  </datafield>
  <datafield tag="035" ind1=" " ind2=" ">
    <subfield code="a">B-667667(AV)</subfield>
  </datafield>
  <datafield tag="037" ind1=" " ind2=" ">
    <subfield code="b">DBAD/PUB</subfield>
  </datafield>
  <datafield tag="037" ind1=" " ind2=" ">
    <subfield code="b">KKP/Ven</subfield>
    <subfield code="a">dpl</subfield>
  </datafield>
  <datafield tag="082" ind1=" " ind2=" ">
    <subfield code="a">616.857</subfield>
  </datafield>
  <datafield tag="100" ind1=" " ind2=" ">
    <subfield code="a">Kandel, Joseph</subfield>
  </datafield>
  <datafield tag="245" ind1=" " ind2=" ">
    <subfield code="a">Overcoming migraines and other headaches :</subfield>
    <subfield code="c">by Joseph Kandel [and] David Sudderth</subfield>
    <subfield code="b">a complete and positive guide to medical solutions and alternative therapies /</subfield>
  </datafield>
  <datafield tag="260" ind1=" " ind2=" ">
    <subfield code="a">New Delhi</subfield>
    <subfield code="b">Orient Paperbacks</subfield>
    <subfield code="c">2008</subfield>
  </datafield>
  <datafield tag="270" ind1=" " ind2=" ">
    <subfield code="a">5A/8 Ansari Road</subfield>
    <subfield code="b">New Delhi</subfield>
    <subfield code="e">110002</subfield>
  </datafield>
  <datafield tag="300" ind1=" " ind2=" ">
    <subfield code="a">215p. </subfield>
    <subfield code="c">22cm(pbk)</subfield>
  </datafield>
  <datafield tag="500" ind1=" " ind2=" ">
    <subfield code="a">Includes bibliographical references and index</subfield>
  </datafield>
  <datafield tag="650" ind1=" " ind2=" ">
    <subfield code="a"> Migraine</subfield>
    <subfield code="v">Popular works</subfield>
  </datafield>
  <datafield tag="700" ind1=" " ind2=" ">
    <subfield code="a">Sudderth, David</subfield>
  </datafield>
  <datafield tag="942" ind1=" " ind2=" ">
    <subfield code="2">ddc</subfield>
    <subfield code="c">EN</subfield>
    <subfield code="h">616.857</subfield>
    <subfield code="m">KAN</subfield>
  </datafield>
  <datafield tag="999" ind1=" " ind2=" ">
    <subfield code="c">76452</subfield>
    <subfield code="d">76452</subfield>
  </datafield>
  <datafield tag="952" ind1=" " ind2=" ">
    <subfield code="0">0</subfield>
    <subfield code="1">0</subfield>
    <subfield code="4">0</subfield>
    <subfield code="7">1</subfield>
    <subfield code="8">NFIC</subfield>
    <subfield code="a">DBAD</subfield>
    <subfield code="b">DBAD</subfield>
    <subfield code="d">2013-06-04</subfield>
    <subfield code="e">DBAD/PUB</subfield>
    <subfield code="g">240.00</subfield>
    <subfield code="l">0</subfield>
    <subfield code="o">616.857 KAN</subfield>
    <subfield code="p">EN-91046</subfield>
    <subfield code="r">2013-06-04 00:00:00</subfield>
    <subfield code="t">1</subfield>
    <subfield code="v">240.00</subfield>
    <subfield code="w">2013-06-04</subfield>
    <subfield code="y">EN</subfield>
  </datafield>
  <datafield tag="952" ind1=" " ind2=" ">
    <subfield code="0">0</subfield>
    <subfield code="1">5</subfield>
    <subfield code="4">0</subfield>
    <subfield code="7">0</subfield>
    <subfield code="8">NFIC</subfield>
    <subfield code="a">L</subfield>
    <subfield code="b">L</subfield>
    <subfield code="d">2014-04-30</subfield>
    <subfield code="e">KKP/BL3444/24.10.2013/31/10.10.2013/29.10.2013</subfield>
    <subfield code="g">240.00</subfield>
    <subfield code="l">0</subfield>
    <subfield code="o">616.857 KAN</subfield>
    <subfield code="p">B-528567</subfield>
    <subfield code="r">2014-04-30 00:00:00</subfield>
    <subfield code="t">1</subfield>
    <subfield code="v">240.00</subfield>
    <subfield code="y">EN</subfield>
  </datafield>
  <datafield tag="952" ind1=" " ind2=" ">
    <subfield code="0">0</subfield>
    <subfield code="1">0</subfield>
    <subfield code="4">0</subfield>
    <subfield code="7">0</subfield>
    <subfield code="8">NFIC</subfield>
    <subfield code="a">M</subfield>
    <subfield code="b">M</subfield>
    <subfield code="d">2014-04-30</subfield>
    <subfield code="e">KKP/BL3444/24.10.2013/31/10.10.2013/29.10.2013</subfield>
    <subfield code="g">240.00</subfield>
    <subfield code="l">0</subfield>
    <subfield code="o">616.857 KAN</subfield>
    <subfield code="p">B-528568</subfield>
    <subfield code="r">2014-04-30 00:00:00</subfield>
    <subfield code="t">4</subfield>
    <subfield code="v">240.00</subfield>
    <subfield code="y">EN</subfield>
  </datafield>
  <datafield tag="952" ind1=" " ind2=" ">
    <subfield code="0">0</subfield>
    <subfield code="1">0</subfield>
    <subfield code="4">0</subfield>
    <subfield code="7">0</subfield>
    <subfield code="8">NFIC</subfield>
    <subfield code="a">M</subfield>
    <subfield code="b">M</subfield>
    <subfield code="d">2014-04-30</subfield>
    <subfield code="e">KKP/BL3444/24.10.2013/31/10.10.2013/29.10.2013</subfield>
    <subfield code="g">240.00</subfield>
    <subfield code="l">0</subfield>
    <subfield code="o">616.857 KAN</subfield>
    <subfield code="p">B-528569</subfield>
    <subfield code="r">2014-04-30 00:00:00</subfield>
    <subfield code="t">4</subfield>
    <subfield code="v">240.00</subfield>
    <subfield code="y">EN</subfield>
  </datafield>
  <datafield tag="952" ind1=" " ind2=" ">
    <subfield code="0">0</subfield>
    <subfield code="1">0</subfield>
    <subfield code="4">0</subfield>
    <subfield code="7">0</subfield>
    <subfield code="8">NFIC</subfield>
    <subfield code="a">M</subfield>
    <subfield code="b">M</subfield>
    <subfield code="d">2014-04-30</subfield>
    <subfield code="e">KKP/BL3444/24.10.2013/31/10.10.2013/29.10.2013</subfield>
    <subfield code="g">240.00</subfield>
    <subfield code="l">0</subfield>
    <subfield code="o">616.857 KAN</subfield>
    <subfield code="p">B-528570</subfield>
    <subfield code="r">2014-04-30 00:00:00</subfield>
    <subfield code="t">1</subfield>
    <subfield code="v">240.00</subfield>
    <subfield code="y">EN</subfield>
  </datafield>
  <datafield tag="952" ind1=" " ind2=" ">
    <subfield code="0">0</subfield>
    <subfield code="1">0</subfield>
    <subfield code="4">0</subfield>
    <subfield code="7">0</subfield>
    <subfield code="8">NFIC</subfield>
    <subfield code="a">M</subfield>
    <subfield code="b">M</subfield>
    <subfield code="d">2014-04-30</subfield>
    <subfield code="e">KKP/BL3444/24.10.2013/31/10.10.2013/29.10.2013</subfield>
    <subfield code="g">240.00</subfield>
    <subfield code="l">0</subfield>
    <subfield code="o">616.857 KAN</subfield>
    <subfield code="p">B-528571</subfield>
    <subfield code="r">2014-04-30 00:00:00</subfield>
    <subfield code="t">4</subfield>
    <subfield code="v">240.00</subfield>
    <subfield code="y">EN</subfield>
  </datafield>
  <datafield tag="952" ind1=" " ind2=" ">
    <subfield code="0">0</subfield>
    <subfield code="1">0</subfield>
    <subfield code="4">0</subfield>
    <subfield code="7">0</subfield>
    <subfield code="8">NFIC</subfield>
    <subfield code="a">BL1</subfield>
    <subfield code="b">BL1</subfield>
    <subfield code="d">2014-04-30</subfield>
    <subfield code="e">KKP/BL3444/24.10.2013/31/10.10.2013/29.10.2013</subfield>
    <subfield code="g">240.00</subfield>
    <subfield code="l">1</subfield>
    <subfield code="m">1</subfield>
    <subfield code="o">616.857 KAN</subfield>
    <subfield code="p">B-528572</subfield>
    <subfield code="r">2023-04-05 00:00:00</subfield>
    <subfield code="s">2023-01-25</subfield>
    <subfield code="t">1</subfield>
    <subfield code="v">240.00</subfield>
    <subfield code="y">EN</subfield>
  </datafield>
  <datafield tag="952" ind1=" " ind2=" ">
    <subfield code="0">0</subfield>
    <subfield code="1">0</subfield>
    <subfield code="4">0</subfield>
    <subfield code="7">0</subfield>
    <subfield code="8">NFIC</subfield>
    <subfield code="a">JP</subfield>
    <subfield code="b">JP</subfield>
    <subfield code="d">2014-04-30</subfield>
    <subfield code="e">KKP/BL3444/24.10.2013/31/10.10.2013/29.10.2013</subfield>
    <subfield code="g">240.00</subfield>
    <subfield code="l">3</subfield>
    <subfield code="m">1</subfield>
    <subfield code="o">616.857 KAN</subfield>
    <subfield code="p">B-528573</subfield>
    <subfield code="r">2026-02-09 00:00:00</subfield>
    <subfield code="s">2025-12-30</subfield>
    <subfield code="t">1</subfield>
    <subfield code="v">240.00</subfield>
    <subfield code="y">EN</subfield>
  </datafield>
  <datafield tag="952" ind1=" " ind2=" ">
    <subfield code="0">0</subfield>
    <subfield code="1">0</subfield>
    <subfield code="4">0</subfield>
    <subfield code="7">0</subfield>
    <subfield code="8">NFIC</subfield>
    <subfield code="a">BN</subfield>
    <subfield code="b">BN</subfield>
    <subfield code="d">2014-04-30</subfield>
    <subfield code="e">KKP/BL3444/24.10.2013/31/10.10.2013/29.10.2013</subfield>
    <subfield code="g">240.00</subfield>
    <subfield code="l">2</subfield>
    <subfield code="o">616.857 KAN</subfield>
    <subfield code="p">B-528574</subfield>
    <subfield code="r">2022-09-24 00:00:00</subfield>
    <subfield code="s">2022-09-10</subfield>
    <subfield code="t">1</subfield>
    <subfield code="v">240.00</subfield>
    <subfield code="y">EN</subfield>
  </datafield>
  <datafield tag="952" ind1=" " ind2=" ">
    <subfield code="0">0</subfield>
    <subfield code="1">0</subfield>
    <subfield code="4">0</subfield>
    <subfield code="7">0</subfield>
    <subfield code="8">NFIC</subfield>
    <subfield code="a">BL4</subfield>
    <subfield code="b">BL4</subfield>
    <subfield code="d">2014-04-30</subfield>
    <subfield code="e">KKP/BL3444/24.10.2013/31/10.10.2013/29.10.2013</subfield>
    <subfield code="g">240.00</subfield>
    <subfield code="l">4</subfield>
    <subfield code="o">616.857 KAN</subfield>
    <subfield code="p">B-528575</subfield>
    <subfield code="r">2021-11-09 00:00:00</subfield>
    <subfield code="s">2021-10-21</subfield>
    <subfield code="t">1</subfield>
    <subfield code="v">240.00</subfield>
    <subfield code="y">EN</subfield>
  </datafield>
  <datafield tag="952" ind1=" " ind2=" ">
    <subfield code="0">0</subfield>
    <subfield code="1">0</subfield>
    <subfield code="4">0</subfield>
    <subfield code="7">0</subfield>
    <subfield code="8">NFIC</subfield>
    <subfield code="a">AV</subfield>
    <subfield code="b">AV</subfield>
    <subfield code="d">2018-02-26</subfield>
    <subfield code="e">KKP/BL277/24.2.2017/EN/13-14/AV/354/15.2.2017/17.3.2017</subfield>
    <subfield code="g">240.00</subfield>
    <subfield code="l">1</subfield>
    <subfield code="m">1</subfield>
    <subfield code="o">616.857 KAN</subfield>
    <subfield code="p">B-667667</subfield>
    <subfield code="r">2019-08-31 00:00:00</subfield>
    <subfield code="s">2019-08-01</subfield>
    <subfield code="t">1</subfield>
    <subfield code="v">240.00</subfield>
    <subfield code="y">EN</subfield>
  </datafield>
</record>
